Biological psychology / (Record no. 142275)

MARC details
000 -LEADER
fixed length control field 00674nam a22001937a 4500
005 - DATE AND TIME OF LATEST TRANSACTION
control field 20170704143147.0
020 ## - INTERNATIONAL STANDARD BOOK NUMBER
International Standard Book Number 9789332516977
Terms of availability 240.00
035 ## - SYSTEM CONTROL NUMBER
System control number B-668075
037 ## - SOURCE OF ACQUISITION
Source of stock number/acquisition Techniz Books/Ven
Stock number dpl
082 ## - DEWEY DECIMAL CLASSIFICATION NUMBER
Classification number 612.8076
100 ## - MAIN ENTRY--PERSONAL NAME
Personal name Preece, Emma
245 ## - TITLE STATEMENT
Title Biological psychology /
Statement of responsibility, etc by Emma Preece
260 ## - PUBLICATION, DISTRIBUTION, ETC. (IMPRINT)
Date of publication, distribution, etc 2014
Place of publication, distribution, etc Delhi
Name of publisher, distributor, etc Pearson India
270 ## - ADDRESS
Address 11 Community Centre, Panchsheel Park
City New Delhi
Postal code 110017
300 ## - PHYSICAL DESCRIPTION
Dimensions 24cm(pbk)
Extent xv,208p. :
500 ## - GENERAL NOTE
General note Includes index
942 ## - ADDED ENTRY ELEMENTS (KOHA)
Item type English Books
Source of classification or shelving scheme Dewey Decimal Classification
Call number suffix PRE
Classification part 612.8076
Holdings
Withdrawn status Lost status Not for loan Collection code Home library Current library Date acquired Source of acquisition Cost, normal purchase price Full call number Barcode Copy number Cost, replacement price Koha item type
      Non-fiction Ashok Vihar Ashok Vihar 04/07/2017 BPPD/EN/2014-15/AV/16-17/434/15.2.2017/17435/24.2.2017/ 18.3.2017 240.00 612.8076 PRE B-668075 1 240.00 English Books

© Delhi Public Library
Hit Counter
free hit counter